000 00625nam a2200193Ia 4500
008 151121s9999||||xx |||||||||||||| ||und||
082 _a812-/गज्वी
082 _bHNW-64667
100 _aगज्वी प्रेमानंद
245 _aकृष्णविवर
260 _b"संबोधि प्रकाशन, मुंबई।"
260 _c--
300 _a63
600 _aगज्वी प्रेमानंद
630 _aकृष्णविवर
700 _aगज्वी प्रेमानंद
730 _aकृष्णविवर
942 _cBOOK
999 _c1246193
_d1246190